000 009350000a22002290004500
003 LK-CoMWRAF
005 20240123023443.0
008 230817t1986 ||||| |||| 00| 0 eng d
020 _a8885840000
040 _aLK-CoMWRAF
_dLK-CoMWRAF
_eLK-CoMWRAF
041 _aeng
082 _a016.3054
_bISI
110 _aIsis International
245 _aPowerful images :
_ba women's guide to audiovisual resources
260 _aSantiago:
_bISIS International,
_c1986
300 _ax, 210 p. : ill. ; 30 cm
520 _aDirectory, guide, audiovisual aids for women - articles on women experiments in developing countries and developed countries, catalogue of films and videocassettes. List of women's organizations, list of nongovernmental organizations, photographs
650 _aWomen's Audio-visual aids—Catalogs
650 _aWomen's studies—Audio-visual aids—Catalogs
650 _aWomen in mass media industry
942 _cBK
999 _c359
_d359